Score 0/20 Timer 03:00
1 Play Today
Title Missing Word % Correct
______ the World in 80 DaysAround
98.2%
Pirates of the Caribbean: At World's ______End
94.4%
______ of the WorldsWar
91.8%
World ______ CenterTrade
84.9%
Master and ______: The Far Side of the WorldCommander
73.8%
The World Is Not ______Enough
73.3%
______ WorldWayne's
69.7%
Scott ______ vs. the WorldPilgrim
68.3%
The ______ World: Jurassic ParkLost
67.8%
Team _____: World PoliceAmerica
64%
Title Missing Word % Correct
The World According to ______Garp
57.7%
It's a ___ ___ ___ ___ WorldMad
57.3%
It Happened at the World's ______Fair
54.9%
Seeking a ______ for the End of the WorldFriend
51.5%
Sky Captain and the World of ______Tomorrow
45.9%
World's Greatest ______Dad
41.5%
The ______ WorldNew
29.4%
The World's Fastest ______Indian
23%
A ______ WorldPerfect
13.4%
______ WorldCool
12.9%

Today's Daily Dose

Missing Word
I Hardly Know Her!

Word Ladder
Sentence Ending

Quick Pick
Female Firsts

Get the Picture
Triathlon Sports

Remove Ads.
Support Sporcle.
Get the best of Sporcle when you Go Orange. This ad-free experience offers more features, more stats, and more fun while also helping to support Sporcle. Thank you for becoming a member.

You're not logged in!

Compare scores with friends on all Sporcle quizzes.
OR
Log In

Show Comments

Extras

Top Quizzes Today


Score Distribution

Your Account Isn't Verified!

In order to create a playlist on Sporcle, you need to verify the email address you used during registration. Go to your Sporcle Settings to finish the process.

Report this User

Report this user for behavior that violates our Community Guidelines.

Details: